| 000 | 00000nam##2200000za#4500 |
| 001 | 9.570195 |
| 003 | CaOODSP |
| 005 | 20210624182127 |
| 007 | cr ||||||||||| |
| 008 | 150406|2009||||xxc|||||o f|0| 0 eng|d |
| 040 | |aCaOODSP|beng |
| 043 | |an-cn--- |
| 086 | 1 |aNH18-1-2/177-2009E-PDF |
| 110 | 2 |aCanada Mortgage and Housing Corporation. |
| 245 | 10|aLiveable lanes : |h[electronic resource]|ba study of laneway infill housing in Vancouver and other growing B.C. communities / |c[prepared by Joaquin Karakas]. |
| 246 | 1 |iAdditional title (within publication) : |aDes ruelles habitables : étude sur la construction d'habitations intercalaires sur ruelle à Vancouver et dans d'autres collectivités en croissance de la C.-B. |
| 260 | |aOttawa - Ontario : |bCanada Mortgage and Housing Corporation |c[2009] (main report) November 2009 (Research highlight). |
| 300 | |a95p.|bfigs. (some coloured), graphs, maps (some coloured), references, photographs |
| 490 | 1 |aResearch report |
| 500 | |a"This research was first completed in October 2007 and subsequently updated in October 2009"--p.25 of 95. Includes: Research highlight (Socio-economic series 09-020, November 2009) under the same title. Y compris : Le point en recherche (Série socio-économique 09-020, novembre 2009) sous le titre « Des ruelles habitables : étude sur la construction d'habitations intercalaires sur ruelle à Vancouver et dans d'autres collectivités en croissance de la C.-B. ». |
| 546 | |a(Le point en recherche en français). |
| 590 | |a11-26-Supp|b2011-11-03 |
| 720 | 1 |aKarakas, Joaquin |
| 830 | #0|aResearch report (Canada Mortgage and Housing Corporation : Online)|w(CaOODSP)9.506068 |
| 856 | 40|ahttp://publications.gc.ca|qPDF|s11 MB|uhttps://publications.gc.ca/collections/collection_2011/schl-cmhc/nh18-1-2/NH18-1-2-177-2009-eng.pdf |